000 00628nam a22001457a 4500
020 _a978-0-143-42300-3
082 _a823
_bSIN/Y
100 _aSINGH,RAVINDER
245 _aYOUR DREAMS ARE MINE NOW
260 _aHARYANA
_bPENGUIN BOOKS
300 _a265
520 _aThis is a tragic tale of a young man who was wronged by life on many fronts. Yet he stood up for what was right every single time. This is the story of a girl, with a pure heart and innocent soul, who fought for what she believed in. This is an innocent love story amidst the world of politics and conspiracies
650 _aENGLISH NOVEL
_zINDIA
942 _cBK
999 _c3377
_d3377